| 000 | 00599nam a2200181Ia 4500 | ||
|---|---|---|---|
| 005 | 20250423100452.0 | ||
| 008 | 250422s9999 xx 000 0 und d | ||
| 020 | _a978978494918305 | ||
| 050 | _aJZ 5584.A35 .G95/ | ||
| 100 | _aEdited by Gylych Jelilov & Onyebuchi James Ile | ||
| 245 | 0 | _aPeace & development (Dialogue Series 1) | |
| 260 | _aEnugu-Nigeria | ||
| 260 | _bRossen Publication Ltd. | ||
| 260 | _c2017 | ||
| 300 | _a339 p | ||
| 650 | _aPeace-building--Nigeria--Periodicals. Conflict management--Nigeria--Periodicals. Sustainable development--Nigeria--Periodicals. | ||
| 942 | _cBK | ||
| 999 |
_c33397 _d33397 |
||